| 000 | 06801cam a22019094i 4500 | ||
|---|---|---|---|
| 003 | PE-LiUPU | ||
| 005 | 20250813165701.0 | ||
| 008 | 150625s2005 mx a rb 001 0 spa d | ||
| 020 | _a9701051068 | ||
| 020 | _a9789701051061 | ||
| 035 | _a(Sirsi) i9789701056776 | ||
| 040 |
_aPE-LiUPU _bspa _cPE-LiUPU _dPE-LiUPU _erda |
||
| 049 | _aPRUA | ||
| 082 | 0 | 4 |
_a610.73677 _bB85 _221 |
| 100 | 1 |
_aBrunner, Lillian Sholtis, _eautor. |
|
| 245 | 1 | 0 |
_aEnfermería medicoquirúrgica / _cLillian Sholtis Brunner. |
| 250 | _a10a edición. | ||
| 264 | 1 |
_aMéxico : _bMcGraw-Hill Interamericana, _c2005. |
|
| 300 |
_a1374-2556 páginas : _bilustraciones ; _c28 centímetros |
||
| 336 |
_atext _2rdacontent |
||
| 337 |
_aunmediated _2rdamedia |
||
| 338 |
_avolume _2rdacarrier |
||
| 504 | _aBibliografía al final de cada capítulo. | ||
| 504 | _aÍndice: páginas 169-183. | ||
| 505 | 0 | _aFunciones renal y urinaria -- Valoración de la función renal y urinaria -- Tratamiento de pacientes con disfunciones renales y urinarias -- Tratamiento de pacientes renales y urinarios -- Función reproductora: Valoración y tratamiento de procesos fisiológicos femeninos -- Tratamiento de mujeres con trastornos de la reproducción -- Valoración y tratamiento de mujeres con trastornos de mamas -- Valoración y tratamiento de problemas relacionados con los procesos de reproducción masculina -- Función inmunitaria -- Valoración de la función inmunitaria -- Tratamiento del paciente con inmunodeficiencia -- Tratamiento de pacientes con infección por virus de la inmunodeficiencia humana y síndrome de inmunodeficiencia adquirida -- Valoración y tratamiento de pacientes con trastornos alérgicos -- Valoración y tratamiento de pacientes con trastornos reumáticos -- Valoración de la función integumentaria -- Tratamiento de pacientes con problemas dermatológicos -- Tratamientos de pacientes con quemaduras -- Función sensor neural: Valoración y tratamiento de pacientes con trastornos oculares y visuales -- Valoración y tratamiento de pacientes con trastornos auditivos y del equilibrio -- Función neurológica: valoración de la función neurológica -- Tratamiento de pacientes con disfunción neurológica -- Tratamiento de pacientes con trastornos cerebro vasculares -- Tratamiento de pacientes con traumatismo neurológico -- Tratamiento de pacientes con infecciones neurológicas, trastornos auto inmunitarios y neuropatías -- Tratamiento de pacientes con enfermedades oncológicas o enfermedades neurológicas degenerativas -- Función musculo esquelética -- Otros problemas agudos. | |
| 526 | _aP203 | ||
| 526 | _aP200 | ||
| 526 | _aSEG65 | ||
| 526 | _aSEG64 | ||
| 526 | _aSEG63 | ||
| 526 | _aSEG62 | ||
| 526 | _aSEG61 | ||
| 526 | _aSEG60 | ||
| 526 | _aSEG59 | ||
| 526 | _aSEG58 | ||
| 526 | _aSEG57 | ||
| 526 | _aSEG56 | ||
| 526 | _aSEG55 | ||
| 526 | _aSEG54 | ||
| 526 | _aSEG53 | ||
| 526 | _aSEG52 | ||
| 526 | _aSEG51 | ||
| 526 | _aSEG50 | ||
| 526 | _aSEG49 | ||
| 526 | _aSEG48 | ||
| 526 | _aSEG47 | ||
| 526 | _aSEG46 | ||
| 526 | _aSEG24 | ||
| 526 | _aSEG23 | ||
| 526 | _aSEG22 | ||
| 526 | _aSEG21 | ||
| 526 | _aSEG20 | ||
| 526 | _aSEG19 | ||
| 526 | _aSEG18 | ||
| 526 | _aSEG17 | ||
| 526 | _aSEG16 | ||
| 526 | _aSEG14 | ||
| 526 | _aSEG13 | ||
| 526 | _aSEG12 | ||
| 526 | _aSEG11 | ||
| 526 | _aSEG10 | ||
| 526 | _aSEG09 | ||
| 526 | _aSEG06 | ||
| 526 | _aSEG05 | ||
| 526 | _aSEG04 | ||
| 526 | _aSEG03 | ||
| 526 | _aSEG02 | ||
| 526 | _aSEG68 | ||
| 526 | _aSEG66 | ||
| 526 | _aSEG45 | ||
| 526 | _aSEG25 | ||
| 526 | _aSEG01 | ||
| 526 | _aP163 | ||
| 526 | _aP162 | ||
| 526 | _aP161 | ||
| 526 | _aP160 | ||
| 526 | _aP159 | ||
| 526 | _aP158 | ||
| 526 | _aP157 | ||
| 526 | _aP156 | ||
| 526 | _aP155 | ||
| 526 | _aP154 | ||
| 526 | _aP153 | ||
| 526 | _aP152 | ||
| 526 | _aP151 | ||
| 526 | _aP150 | ||
| 526 | _aP149 | ||
| 526 | _aP142 | ||
| 526 | _aP141 | ||
| 526 | _aP140 | ||
| 526 | _aP139 | ||
| 526 | _aP138 | ||
| 526 | _aP137 | ||
| 526 | _aP132 | ||
| 526 | _aP131 | ||
| 526 | _aP130 | ||
| 526 | _aP126 | ||
| 526 | _aP125 | ||
| 526 | _aP124 | ||
| 526 | _aP123 | ||
| 526 | _aP115 | ||
| 526 | _aP122 | ||
| 526 | _aP121 | ||
| 526 | _aP116 | ||
| 526 | _a P114 | ||
| 526 | _aP112 | ||
| 526 | _aP111 | ||
| 526 | _aP104 | ||
| 526 | _aP103 | ||
| 526 | _aP102 | ||
| 526 | _aP101 | ||
| 526 | _aP100 | ||
| 526 | _aP96 | ||
| 526 | _aP95 | ||
| 526 | _aP93 | ||
| 526 | _aP92 | ||
| 526 | _aP91 | ||
| 526 | _aP88 | ||
| 526 | _aP83 | ||
| 526 | _aP82 | ||
| 526 | _aP79 | ||
| 526 | _aP78 | ||
| 526 | _aP75 | ||
| 526 | _aP74 | ||
| 526 | _aP71 | ||
| 526 | _aP69 | ||
| 526 | _a P51 | ||
| 526 | _aP49 | ||
| 526 | _aP48 | ||
| 526 | _aP47 | ||
| 526 | _aP33 | ||
| 526 | _aP31 | ||
| 526 | _a P30 | ||
| 526 | _aP29 | ||
| 526 | _aP27 | ||
| 526 | _aP26 | ||
| 526 | _aP25 | ||
| 526 | _aP24 | ||
| 526 | _a P22 | ||
| 526 | _aP10 | ||
| 526 | _aP09 | ||
| 526 | _a P08 | ||
| 526 | _aP06 | ||
| 526 | _aP05 | ||
| 526 | _aP04 | ||
| 526 | _aP01 | ||
| 541 | _g002-000032; | ||
| 541 | _g001-0002802; | ||
| 541 | _g001-0002690; | ||
| 650 | 0 | 4 |
_aEnfermería quirúrgica. _9747 |
| 650 | 0 | 4 |
_aEnfermería. _93122 |
| 910 |
_bjv _cng _d20080228 |
||
| 942 |
_2ddc _cBOOK |
||
| 949 |
_a610.73677 B85 2 2005 _wDEWEY _c1 _i57758 _d2015-10-23 _e2015-10-22 _lCCODEBUL1 _mBUL _n1 _p173.00 _r0 _sY _tBOOK _u2015-6-25 _xSALUD _PP22 _0COMPRA _o.STAFF. Colección Ciencias de la Salud |
||
| 949 |
_a610.73677 B85 2 2005 _wDEWEY _c2 _i58754 _lCCODEBUL1 _mBUL _p42.00 _r0 _sY _tBOOK _u2015-6-25 _xSALUD _PP22 _0COMPRA _o.STAFF. Colección Ciencias de la Salud |
||
| 949 |
_a610.73677 B85 2 2005 _wDEWEY _c3 _i60736 _d2016-5-6 _e2016-5-6 _lCCODEBUL1 _mBUL _n4 _p56.00 _r0 _sY _tBOOK _u2015-6-25 _xSALUD _PP26 _0COMPRA _o.STAFF. Colección Ciencias de la Salud |
||
| 994 |
_aC0 _bPEPRU |
||
| 596 | _a1 | ||
| 999 |
_a610.73677 B85 2 _wDEWEY _c46760 _i57758 _d46760 _e2015-10-22 _f2021-11-3 _g5 _lCCODEBUL1 _mBUL _n1 _p173.00 _q1 _r0 _sY _tBOOK _u2015-6-25 _xSALUD _zP22 _0COMPRA _o.CIRCNOTE. El documento es de alto precio _o.STAFF. Colección Ciencias de la Salud |
||
| 999 |
_a610.73677 B85 2 _wDEWEY _c2 _i58754 _d2018-2-19 _f2019-12-11 _g4 _lDISCARD _mBUL _p42.00 _q1 _r1 _sY _tBOOK _u2015-6-25 _xSALUD _PP22 _0COMPRA _o.STAFF. Colección Ciencias de la Salud |
||
| 999 |
_a610.73677 B85 2 _wDEWEY _c3 _i60736 _d2019-10-30 _e2019-10-21 _f2021-11-3 _g5 _lCCODEBUL1 _mBUL _n7 _p56.00 _q2 _r0 _sY _tBOOK _u2015-6-25 _xSALUD _zP26 _0COMPRA _o.STAFF. Colección Ciencias de la Salud |
||
| 980 |
_81 _gALBERTO SANCHEZ Responsable de Automatización |
||